| 000 | 00632nam a2200217 i 4500 | ||
|---|---|---|---|
| 003 | DO-SdBNP | ||
| 005 | 20231027154651.0 | ||
| 006 | a||||gr|||| 00| 0 | ||
| 007 | ta | ||
| 008 | 231027e1987 |||a|||| |||| 00| 0 spa d | ||
| 040 |
_aDO-SdBNP _bspa _cBNPHU _erda |
||
| 082 | 4 |
_222 _bL734p |
|
| 245 | 0 | 0 |
_aLos límites de la participación: _b(extracto). / |
| 264 |
_a[sin lugar] : _b[sin editora] _c[190?] |
||
| 300 |
_a2 páginas : _bIlustraciones ; _c22 cm. |
||
| 336 |
_2rdacontent _atexto _btx |
||
| 337 |
_2rdamedia _asin mediación _bn |
||
| 338 |
_2rdacarrier _avolulmen _bnc |
||
| 590 | _aInventariado 2023 / MF | ||
| 942 |
_2ddc _cLF2 |
||
| 999 |
_c55325 _d55325 |
||